00787nam a2200193 a 450000100100000000500170001000800410002702000150006804000250008310000420010824501090015026000720025930000220033150000210035370000370037471000600041195201050047199900170057600004101820201002034544.0130913s1982 sp 001 0 spa d a8400050088 aDO-SdBNPbspacBNPHU1 aDíaz Dáaz, Gonzalo,d1931-96748310aBibliografía Filosófica Hispánica :b1901-1970 /cGonzalo Díaz Díaz, Ceferino Santos Escudero. aMadrid :bConsejo Superior de Investigaciones Científicas,c1982. a1371 p. ;c27 cm. aIncluye índice1 aSantos Escudero, Ceferino9674842 aConsejo Superior de Investigaciones Científicas94786 001050718MOaGRbGRcCTd2013-09-13iLF1l0o p41018-10r2020-06-25w2020-06-25y1ZNo se presta c40508d40508